000 00584nam a22001697a 4500
005 20111222110358.0
020 _a9788189934439
_c120.00
037 _bPUB
100 _aChatterji, Kaveri
_937382
245 _aFree mountain /
_cby Kaveri Chatterji; art by Shweta Mohapatra
260 _aNew Delhi
_bKatha
_c2010
270 _aA3 Sarvodaya Enclave, Sri Aurobindo Marg,
_bNew Delhi
_e110017
300 _aunpages
_bill.
_c22cm(pbk)
700 _a Mohapatra, Shweta
_937383
942 _2ddc
_cCH
_mCHA
999 _c59835
_d59835